Olof Palme : (Record no. 13262)

MARC details
000 -BAŞLIK
Sabit Uzunlukta Kontrol Alanı 00938nam a22002537a 4500
999 ## - SİSTEM KONTROL NUMARALARI (KOHA)
Koha Biblionumber 13262
Koha Biblioitemnumber 13262
003 - KONTROL NUMARASI IDENTIFIER
Denetim Alanı MIRAKIL
005 - SON İŞLEM TARİHİ VE ZAMANI
Denetim Alanı 20190520165929.0
008 - SABİT-BOY VERİ ELEMANLARI - GENEL BİLGİLER
Sabit Uzunlukta Kontrol Alanı 190520b tu ||||| |||| 00| 0 tur d
020 ## - ULUSLARARASI STANDART KİTAP NUMARASI
Uluslararası Standart Kitap Numarası 9786053605553
040 ## - KATALOGLAMA KAYNAK
Orijinal Kataloglama Ajansı TR-AnCHP
Metne Dönüştürmek Ajansı TR-AnCHP
041 ## - DİL KODU
Metin / Ses Parça Veya Ayrı Başlığın Dil Kodu tur
082 ## - DEWEY ONLU SINIFLANDIRMA NUMARASI
Sınıflandırma Numarası 923.1485
Ürün Numarası B36o 2012
100 ## - ANA GİRİŞ - KİŞİSEL İSİM
Kişisel Ad Berggren, Henrik
245 10 - BAŞLIK TABLOSU
Başlık Olof Palme :
Başlığın Kalan güzel günler göreceğiz /
Sorumluluk Tablosu, Vb Henrik Berggren ; çeviren Turhan Kayaoğlu
260 ## - YAYIN, DAĞITIM, VB
Yayın, Dağıtım, Vb Yeri İstanbul:
Yayıncı, Dağıtıcı, Vs Adı Türkiye İş Bankası Kültür Yayınları,
Yayın, Dağıtım, Vb Tarihi 2012.
300 ## - FİZİKSEL TANIM
Kapsam 624 s.:
Boyutlar 24 sm.
490 0# - SERİSİ TABLOSU
Seri Beyanı Türkiye İş Bankası Kültür Yayınları ;
Hacim / Ardışık Tanımı genel yayın: 2495.
500 ## - GENEL NOT
Genel Not Yapıtın özgün adı: Underbara dagar framför oss- en biografi over Olof Palme
504 ## - KAYNAKÇA VB NOT
Kaynakça Vb Notu Kaynakça ve dizin vardır.
600 #0 - KONU KATMA GİRİŞ - KURUMSAL ADI
9 (RLIN) 5232
Kişisel Ad Palme, Olof
Bir Adıyla İlişkilendirilen Tarihler 1927-1986
Genel Alt Bölümü Yaşamöyküsü
650 #0 - KONU KATMA GİRİŞ - TOPİKAL DÖNEM
9 (RLIN) 5273
Topikal Süreli Veya Coğrafi Ad Giriş Elemanı Devlet başkanları
Coğrafi Alt Bölümü İsveç
700 1# - KATMA GİRİŞ - KİŞİSEL İSİM
9 (RLIN) 4559
Kişisel Ad Kayaoğlu, Turhan
Relator Terim çev.
942 ## - EKLENDİ GİRİŞ ELEMANLARI (KOHA)
Sınıflandırma Veya Raf Düzeni Kaynak Dewey Decimal Classification
Koha Öğesi Türü Books
Holdings
Kalıcı Konum Mevcut Konum Edinme Tarihi Toplam Check-Out'Lar Tam Çağrı Numarası Barkod Tarih Son Görülme İtibaren Geçerli Fiyatlar Koha Öğesi Türü
CHP Kütüphanesi CHP Kütüphanesi 05/20/2019   923.1485 B36o 2012 008899 05/20/2019 05/20/2019 Books